| 000 | 00650nam a2200217 i 4500 | ||
|---|---|---|---|
| 001 | 35573 | ||
| 003 | ES-MaACL | ||
| 005 | 20230906155144.0 | ||
| 007 | t| | ||
| 008 | 030213s1970 sp ||||1| spa d | ||
| 100 | 1 |
_aBosch, Juan. _930641 |
|
| 245 | 1 | 0 |
_aDe Cristóbal Colón a Fidel Castro : _bel Caribe frontera imperial / _cJuan Bosch. |
| 250 | _a1ª ed. | ||
| 260 |
_aMadrid : _bAlfaguara, _c1970. |
||
| 300 |
_a740 p. ; _c21 cm. |
||
| 490 | 1 |
_aHombres, hechos e ideas ; _v20 |
|
| 651 | 4 |
_aCaribe (Región)- _xHistoria. _9165611 |
|
| 830 | 1 |
_aHombres, hechos e ideas ; _v20 _9181583 |
|
| 852 |
_aES-MaACL _jC-38813 |
||
| 999 |
_c35573 _d35573 |
||